مفکّرین تعلیم / (Record no. 108699)

MARC details
000 -LEADER
fixed length control field 00875nam a22002657a 4500
005 - DATE AND TIME OF LATEST TRANSACTION
control field 20170123162343.0
010 ## - LIBRARY OF CONGRESS CONTROL NUMBER
LC control number A-794950
020 ## - INTERNATIONAL STANDARD BOOK NUMBER
Terms of availability 120.00
035 ## - SYSTEM CONTROL NUMBER
System control number A-794950
037 ## - SOURCE OF ACQUISITION
Source of stock number/acquisition Cen Lib/Ret
040 ## - CATALOGING SOURCE
Original cataloging agency DPL
Language of cataloging UR
082 ## - DEWEY DECIMAL CLASSIFICATION NUMBER
Classification number 370.92
Item number م ح م
100 ## - MAIN ENTRY--PERSONAL NAME
Personal name محمّد اکرام خان
9 (RLIN) 129634
245 ## - TITLE STATEMENT
Title مفکّرین تعلیم /
Remainder of title محمّد اکرام خان
246 ## - VARYING FORM OF TITLE
Title proper/short title Mufakkereen-e-taleem /
Remainder of title by Mohammad Ikram Khan
260 ## - PUBLICATION, DISTRIBUTION, ETC. (IMPRINT)
Place of publication, distribution, etc نیی دہلی
Name of publisher, distributor, etc مکتبہ جامہ لمیٹڈ
Date of publication, distribution, etc 1995
270 ## - ADDRESS
City نیی دہلی
Address جامہ نگر
Postal code 110025
300 ## - PHYSICAL DESCRIPTION
Extent 183p.
Dimensions 21cm(Hb)
500 ## - GENERAL NOTE
General note کتابیات
650 ## - SUBJECT ADDED ENTRY--TOPICAL TERM
Topical term or geographic name as entry element مذہب -- اسلام
9 (RLIN) 129635
650 ## - SUBJECT ADDED ENTRY--TOPICAL TERM
Topical term or geographic name as entry element اسلامی تعلیم
9 (RLIN) 646
650 ## - SUBJECT ADDED ENTRY--TOPICAL TERM
Topical term or geographic name as entry element Religion -- Islam
9 (RLIN) 92070
650 ## - SUBJECT ADDED ENTRY--TOPICAL TERM
Topical term or geographic name as entry element Islaimc education
9 (RLIN) 129636
942 ## - ADDED ENTRY ELEMENTS (KOHA)
Source of classification or shelving scheme Dewey Decimal Classification
Koha item type Urdu Bks
Classification part 370.92
Call number suffix م ح م
Holdings
Withdrawn status Lost status Damaged status Not for loan Home library Current library Date acquired Source of acquisition Cost, normal purchase price Total Checkouts Full call number Barcode Date last seen Copy number Cost, replacement price Price effective from Koha item type
        Central Library Central Library 02/02/2016 Cen Lib/Ret 120.00   370.92 م ح م A-794950 02/02/2016 1 120.00 02/02/2016 Urdu Bks

© Delhi Public Library
Hit Counter
free hit counter